000 00289nam a2200121Ia 4500
008 221030s9999 xx 000 0 und d
041 _aEnglish
100 _aD. W. Conklin
245 0 _aCases in the Environment of Business
_cby D. W. Conklin
260 _c0
650 _aMb
942 _cBK
999 _c17654
_d17654